[Event "Online Olym Top DivA 2021"]
[Site "chess.com INT"]
[Date "2021.09.10"]
[Round "7.2"]
[Board "4"]
[White "Ghukasyan, Siranush"]
[Black "Bayarmaa, Bayarjargal"]
[Result "0-1"]
[WhiteTitle "WIM"]
[BlackTitle "WIM"]
[WhiteElo "2168"]
[BlackElo "2124"]
[WhiteTeam "Armenia"]
[BlackTeam "Mongolia"]
[WhiteFideId "13300946"]
[BlackFideId "4900260"]
[EventDate "2021.09.08"]
[EventType "team"]

1. e4 c5 2. Nf3 d6 3. d4 cxd4 4. Nxd4 Nf6 5. Nc3 a6 6. Be3 e6 7. Be2 Nbd7 8. O-O
b5 9. a3 Bb7 10. f3 Be7 11. Qe1 O-O 12. Rd1 Qc7 13. g4 Nb6 14. g5 Nfd7 15. Qg3
Nc5 16. h4 Rac8 17. h5 d5 18. e5 g6 19. hxg6 hxg6 20. Kg2 Kg7 21. Rh1 Rh8 22.
Rh6 Rxh6 23. gxh6+ Kh7 24. f4 Nc4 25. Bxc4 dxc4+ 26. Kh2 Ne4 27. Nxe4 Bxe4 28.
Rg1 Rd8 29. c3 Rd5 30. f5 Bxf5 31. Nxf5 exf5 32. Bd4 Qd7 33. Qf4 Qe6 34. Rf1 Bd8
35. Kg2 Bc7 36. Re1 Bb8 37. Qg5 Bxe5 38. Qe3 Bxd4 39. Qxe6 fxe6 40. cxd4 Rxd4
41. Rxe6 Rd2+ 42. Kf3 Rxb2 43. Rxa6 Kxh6 44. Rb6 Rb3+ 45. Kf4 c3 46. Ke3 Kg5 47.
Kd3 Rxa3 48. Rxb5 Kf4 49. Rb4+ Kf3 50. Rb5 Kg4 51. Rb4+ f4 52. Rb6 g5 53. Kc2
Kg3 54. Rb5 g4 55. Rb8 f3 56. Rf8 f2 0-1

[Event "Online Olym Top DivA 2021"]
[Site "chess.com INT"]
[Date "2021.09.10"]
[Round "7.2"]
[Board "5"]
[White "Gan-Erdene, Sugar"]
[Black "Gharibyan, Mamikon"]
[Result "0-1"]
[WhiteTitle "IM"]
[BlackTitle "IM"]
[WhiteElo "2419"]
[BlackElo "2471"]
[WhiteTeam "Mongolia"]
[BlackTeam "Armenia"]
[WhiteFideId "4902980"]
[BlackFideId "13308300"]
[EventDate "2021.09.08"]
[EventType "team"]

1. e4 e5 2. Nf3 Nc6 3. Bc4 Bc5 4. c3 Nf6 5. d3 d6 6. O-O h6 7. a4 a5 8. Nbd2 Ba7
9. Re1 g5 10. Qb3 Rh7 11. Nf1 g4 12. N3d2 h5 13. Nb1 h4 14. Be3 g3 15. fxg3 hxg3
16. Nxg3 Ng4 17. Bxa7 Qh4 18. Bf2 Qxh2+ 19. Kf1 Nxf2 20. Kxf2 Rg7 21. Re3 Bh3
22. Ke1 Rxg3 23. Rxg3 Qxg3+ 24. Kd1 Qxg2 25. Nd2 Qg1+ 26. Kc2 Qxa1 27. Qxb7 Rb8
28. Qxc6+ Bd7 29. Nb3 Bxc6 30. Nxa1 Bxa4+ 31. Kc1 Ke7 32. b3 Bb5 33. Bxb5 Rxb5
34. Kb2 d5 35. Nc2 c6 36. Ka3 Ke6 37. Ka4 Rb8 38. Ne3 Rh8 39. exd5+ cxd5 40. c4
d4 41. Nd5 Rb8 42. Nc7+ Kd7 43. Nb5 f5 44. Kxa5 f4 0-1

[Event "Online Olym Top DivA 2021"]
[Site "chess.com INT"]
[Date "2021.09.10"]
[Round "7.2"]
[Board "6"]
[White "Mkrtchyan, Mariam"]
[Black "Munkhzul, Davaakhuu"]
[Result "1-0"]
[WhiteTitle "WFM"]
[BlackTitle "WFM"]
[WhiteElo "2234"]
[BlackElo "1991"]
[WhiteTeam "Armenia"]
[BlackTeam "Mongolia"]
[WhiteFideId "13310828"]
[BlackFideId "4902815"]
[EventDate "2021.09.08"]
[EventType "team"]

1. Nf3 Nf6 2. g3 d5 3. Bg2 Bf5 4. c4 e6 5. O-O c6 6. cxd5 exd5 7. d3 Be7 8. Nc3
O-O 9. Qb3 Qb6 10. Qc2 Nbd7 11. e4 dxe4 12. dxe4 Bg6 13. Be3 Qa5 14. a3 Rfe8 15.
Rad1 Bf8 16. Nh4 Ne5 17. Nxg6 hxg6 18. h3 Nc4 19. Bc1 Rad8 20. f4 Qb6+ 21. Kh2
Ne3 22. Bxe3 Qxe3 23. e5 Nh7 24. h4 Be7 25. Rf3 Qc5 26. Rfd3 Nf8 27. Qb3 b5 28.
Ne4 Qb6 29. Nd6 Bxd6 30. Rxd6 Rc8 31. Qc2 Re6 32. Bh3 Rxd6 33. Rxd6 Rc7 34. e6
fxe6 35. Bxe6+ Kh7 36. h5 Re7 37. hxg6+ Kh6 38. Bg4 Qe3 39. Qg2 Nxg6 1-0

[Event "Online Olym Top DivA 2021"]
[Site "chess.com INT"]
[Date "2021.09.10"]
[Round "7.3"]
[Board "1"]
[White "Megaranto, Susanto"]
[Black "Szabo, Gergely-Andras-Gyula"]
[Result "1/2-1/2"]
[WhiteTitle "GM"]
[BlackTitle "GM"]
[WhiteElo "2548"]
[BlackElo "2531"]
[WhiteTeam "Indonesia"]
[BlackTeam "Romania"]
[WhiteFideId "7101384"]
[BlackFideId "1205064"]
[EventDate "2021.09.08"]
[EventType "team"]

1. e4 d5 2. exd5 Qxd5 3. Nc3 Qd8 4. d4 Nf6 5. Bc4 a6 6. a4 Nc6 7. Be3 Bf5 8.
Nge2 Nb4 9. Bb3 e6 10. O-O Be7 11. Ng3 Bg6 12. Nce2 O-O 13. Nf4 Nbd5 14. Bxd5
Nxd5 15. Nxg6 hxg6 16. c3 b5 17. Qe2 Qd7 18. axb5 axb5 1/2-1/2

[Event "Online Olym Top DivA 2021"]
[Site "chess.com INT"]
[Date "2021.09.10"]
[Round "7.3"]
[Board "2"]
[White "Miron, Lucian-Costin"]
[Black "Ervan, Mohamad"]
[Result "1/2-1/2"]
[WhiteTitle "GM"]
[BlackTitle "IM"]
[WhiteElo "2512"]
[BlackElo "2356"]
[WhiteTeam "Romania"]
[BlackTeam "Indonesia"]
[WhiteFideId "1210920"]
[BlackFideId "7102135"]
[EventDate "2021.09.08"]
[EventType "team"]

1. e4 e6 2. d4 d5 3. Nc3 dxe4 4. Nxe4 Nd7 5. Nf3 Ngf6 6. Bg5 Be7 7. Bxf6 Nxf6 8.
Bd3 Nxe4 9. Bxe4 c5 10. Qe2 Qa5+ 11. c3 cxd4 12. Nxd4 O-O 13. Nb3 Qb6 14. O-O-O
a5 15. Bc2 a4 16. Nd4 a3 17. b3 Ra5 18. f4 Bf6 19. g4 Rd5 20. Qe4 g6 21. Ne2
Rfd8 22. h3 Bd7 23. c4 Bb2+ 24. Kb1 Rxd1+ 25. Rxd1 Bc6 26. Rxd8+ Qxd8 27. Qd3
Qh4 28. Qg3 Qf6 29. g5 Qd8 30. Qd3 Qb6 31. Qg3 Qb4 32. Qg1 Qd2 33. Qd1 Qe3 34.
Qd8+ Kg7 35. Qd3 Qf2 36. b4 Bf3 37. Bd1 Qf1 38. Kc2 Qg2 39. Kb3 Be4 40. Qe3 Qh1
41. Nc3 Bc6 42. Qd4+ Kf8 43. Qd8+ Be8 44. Qd4 Bxc3 45. Kxc3 Qxh3+ 46. Qd3 Qxd3+
47. Kxd3 f6 48. Bf3 b6 49. Kd4 Ke7 50. c5 bxc5+ 51. Kxc5 e5 52. fxe5 fxg5 53. b5
Bxb5 54. Kxb5 Ke6 55. Kb4 h5 56. Kxa3 g4 57. Bb7 Kxe5 58. Kb2 h4 59. Kc2 g3 60.
Kd2 g5 61. Ke2 Kd4 62. Kf3 Kc5 63. Kg4 Kb4 64. Bg2 Ka3 65. Kxg5 Kxa2 66. Kxh4
Ka3 67. Kxg3 1/2-1/2

[Event "Online Olym Top DivA 2021"]
[Site "chess.com INT"]
[Date "2021.09.10"]
[Round "7.3"]
[Board "3"]
[White "Sihite, Chelsie Monica Ignesias"]
[Black "Peptan, Corina-Isabela"]
[Result "1-0"]
[WhiteTitle "WIM"]
[BlackTitle "IM"]
[WhiteElo "2252"]
[BlackElo "2385"]
[WhiteTeam "Indonesia"]
[BlackTeam "Romania"]
[WhiteFideId "7101198"]
[BlackFideId "1201930"]
[EventDate "2021.09.08"]
[EventType "team"]

1. e4 c6 2. d4 d5 3. Nc3 dxe4 4. Nxe4 Nf6 5. Nxf6+ exf6 6. Nf3 Be7 7. h3 O-O 8.
Bd3 Nd7 9. O-O c5 10. d5 Qc7 11. c4 Bd6 12. b3 Ne5 13. Bb2 a6 14. a4 b6 15. Bc3
Nxd3 16. Qxd3 Bd7 17. Ra2 b5 18. axb5 axb5 19. Rfa1 Rxa2 20. Rxa2 bxc4 21. bxc4
Rb8 22. Nd2 Qb7 23. g4 Ra8 24. Rxa8+ Qxa8 25. Ne4 Qa6 26. Kg2 Bf8 27. Bb2 Qb6
28. Qc3 f5 29. gxf5 Bxf5 30. Ng3 Qg6 31. Qe5 Bd3 32. Qf4 h6 33. Be5 f5 34. Qc1
Bd6 35. Bxd6 Qxd6 36. Qc3 Bb1 37. Qb3 Be4+ 38. f3 Bxd5 39. cxd5 Qe5 40. d6+ Kh7
41. Qd3 Qb2+ 42. Ne2 c4 43. Qxf5+ Kh8 44. Qc8+ Kh7 45. Qxc4 Qd2 46. Qe4+ Kh8 47.
Qe8+ Kh7 48. d7 Qg5+ 49. Kf2 Qh4+ 50. Ke3 Qg5+ 51. f4 Qc5+ 52. Kf3 Qc6+ 53. Qe4+ 1-0

[Event "Online Olym Top DivA 2021"]
[Site "chess.com INT"]
[Date "2021.09.10"]
[Round "7.3"]
[Board "4"]
[White "Cosma, Elena-Luminita"]
[Black "Citra, Dewi Ardhiani Anastasia"]
[Result "1-0"]
[WhiteTitle "WGM"]
[BlackTitle "WIM"]
[WhiteElo "2296"]
[BlackElo "2238"]
[WhiteTeam "Romania"]
[BlackTeam "Indonesia"]
[WhiteFideId "1201590"]
[BlackFideId "7101244"]
[EventDate "2021.09.08"]
[EventType "team"]

1. d4 d5 2. c4 Nc6 3. cxd5 Qxd5 4. e3 e5 5. Nc3 Bb4 6. Bd2 Bxc3 7. bxc3 Nf6 8.
Qb3 Qd6 9. Bc1 exd4 10. cxd4 Qb4+ 11. Bd2 Qxb3 12. axb3 Ne4 13. Nf3 Nxd2 14.
Kxd2 Be6 15. Bc4 Rd8 16. Rhc1 a6 17. Bxa6 Nxd4 18. Nxd4 bxa6 19. Ke2 Bg4+ 20. f3
Bc8 21. Rxc7 O-O 22. Nc6 Rde8 23. Ne7+ Kh8 24. Rxc8 Rxc8 25. Nxc8 Rxc8 26. Rxa6
g6 27. Rd6 Rc3 28. Rd3 Rc2+ 29. Rd2 Rc6 30. b4 Kg7 31. b5 Rb6 32. Rb2 Kf6 33.
Kd3 Ke6 34. Kc4 Kd6 35. Rd2+ Kc7 36. e4 Re6 37. Ra2 Kb7 38. Ra6 Re5 39. Rf6 Re7
40. h4 Rd7 41. g4 Kb8 42. h5 Kb7 43. h6 Re7 44. Kb4 Rd7 45. e5 Re7 46. f4 Rc7
47. f5 Re7 48. e6 fxe6 49. Rxe6 Rf7 50. fxg6 hxg6 51. Rxg6 Kb8 52. Rg8+ Kb7 53.
Rg7 Kb6 54. Rg6+ Kb7 55. Kc3 Rf3+ 56. Kd2 Rf2+ 57. Ke3 Rh2 58. g5 Rh1 59. Kf4
Rf1+ 60. Kg3 Rg1+ 61. Kh2 Rg4 62. Rg7+ Kb6 63. h7 Rh4+ 64. Kg3 Rh1 65. g6 Kc5
66. Rg8 Kd6 67. h8=Q Rg1+ 68. Kf2 Rg4 69. Qf6+ Kd5 70. Qf5+ Kd6 71. Qxg4 Ke7 72.
Qf5 Kd6 73. Rd8+ Ke7 74. Rd7+ Ke8 75. Qf7# 1-0

[Event "Online Olym Top DivA 2021"]
[Site "chess.com INT"]
[Date "2021.09.10"]
[Round "7.3"]
[Board "5"]
[White "Tarigan, Gilbert Elroy"]
[Black "Stoleriu, George"]
[Result "0-1"]
[WhiteTitle "IM"]
[BlackTitle "FM"]
[WhiteElo "2149"]
[BlackElo "2376"]
[WhiteTeam "Indonesia"]
[BlackTeam "Romania"]
[WhiteFideId "7108133"]
[BlackFideId "1227505"]
[EventDate "2021.09.08"]
[EventType "team"]

1. d4 e6 2. c4 Nf6 3. Nf3 Bb4+ 4. Nbd2 O-O 5. a3 Be7 6. g3 b6 7. Bg2 Bb7 8. O-O
c5 9. b3 cxd4 10. Nxd4 Bxg2 11. Kxg2 Nc6 12. N2f3 Qc8 13. Bb2 d5 14. cxd5 Nxd4
15. Qxd4 exd5 16. Rac1 Qe6 17. Qe5 Rac8 18. h3 Bd6 19. Qg5 h6 20. Qh4 Ne4 21.
Rfd1 Nxg3 22. Nd4 Nf5 23. Nxf5 Qxf5 24. Qg4 Qxg4+ 25. hxg4 d4 26. Bxd4 Bxa3 27.
Ra1 Bc5 28. Bxc5 Rxc5 29. Rxa7 Rb5 30. Rd3 Re8 31. e3 g5 32. Kf3 Re6 33. Kg3 Kg7
34. Rb7 Rb4 35. Rdd7 Rf6 36. Rd3 Kg6 37. Rb8 Kg7 38. Rdd8 Re6 39. Rd3 Ree4 40.
f3 Re6 41. Rc8 Rf6 42. Rcd8 Rc6 43. R8d5 Rc2 44. Rf5 Rc6 45. Re5 Kg6 46. Red5
Rf6 47. Rd6 Rxd6 48. Rxd6+ f6 49. Rd3 Kf7 50. f4 Ke6 51. Kf3 gxf4 52. exf4 f5
53. Re3+ Kf6 54. Rc3 fxg4+ 55. Kxg4 h5+ 56. Kxh5 Kf5 57. Kh6 Kxf4 58. Kg6 Ke5
59. Kf7 Kd4 60. Rh3 Kc5 61. Ke6 Rd4 62. Ke5 Rd8 63. Rh4 Re8+ 64. Kf6 b5 65. Kf5
Re3 66. b4+ Kd5 67. Rg4 Re5+ 68. Kf6 Re4 69. Rg1 Rxb4 70. Kf5 Rd4 71. Rc1 b4 72.
Rc8 b3 73. Rb8 Kc4 74. Ke5 Rd1 75. Ke4 Re1+ 76. Kf3 Kc3 77. Rc8+ Kd3 78. Rd8+
Kc2 79. Rc8+ Kb1 80. Kf2 Re7 81. Rb8 b2 82. Rb6 Ra7 0-1

[Event "Online Olym Top DivA 2021"]
[Site "chess.com INT"]
[Date "2021.09.10"]
[Round "7.3"]
[Board "6"]
[White "Bucur, Denisa-Andreea"]
[Black "Nur Abidah, Shanti"]
[Result "0-1"]
[BlackTitle "WIM"]
[WhiteElo "2049"]
[BlackElo "1986"]
[WhiteTeam "Romania"]
[BlackTeam "Indonesia"]
[WhiteFideId "1238019"]
[BlackFideId "7104898"]
[EventDate "2021.09.08"]
[EventType "team"]

1. d4 d5 2. c4 e6 3. Nc3 Nf6 4. Nf3 Be7 5. Bf4 c6 6. e3 O-O 7. Qc2 Nbd7 8. cxd5
exd5 9. Bd3 Re8 10. O-O Nf8 11. h3 Bd6 12. Bxd6 Qxd6 13. Rab1 b6 14. b4 Ng6 15.
Rfc1 Bb7 16. Ne2 Ne4 17. Nd2 f5 18. Nf1 Qf6 19. Nfg3 Nh4 20. b5 Rec8 21. bxc6
Bxc6 22. Qb2 Qg5 23. Bxe4 fxe4 24. Nf4 Bb7 25. Rxc8+ Rxc8 26. Rc1 Qd8 27. Rc3
Kf7 28. Ra3 a6 29. Rb3 b5 30. a4 g5 31. Nfe2 Bc6 32. axb5 Bxb5 33. Nc3 Bc4 34.
Rb7+ Rc7 35. Na4 Bb5 36. Rxc7+ Qxc7 37. Nc5 Qa5 38. Kh2 Kf6 39. Nh5+ Kg6 40. Ng3
Nf5 41. Nxf5 Kxf5 42. Qb3 Qc7+ 43. Kg1 Bc4 44. Qd1 Kg6 45. Qg4 Qc6 46. h4 h6 47.
h5+ Kg7 48. Qf5 Qf6 49. Qd7+ Qf7 50. Ne6+ Kf6 51. Qxf7+ Kxf7 52. Nc5 a5 53. Kh2
Bb5 54. Nb3 a4 55. Na1 a3 56. Kg3 Ke7 57. f4 exf3 58. gxf3 Be8 59. Kg4 Bd7+ 60.
Kg3 Kd6 61. f4 Ke6 62. fxg5 hxg5 63. Nb3 Kf5 64. Na1 Be8 65. h6 Kg6 66. Kf3 Kxh6
67. e4 dxe4+ 68. Kxe4 g4 69. d5 Kg5 70. Nc2 Bg6+ 71. Ke5 Bxc2 72. d6 Bf5 0-1

[Event "Online Olym Top DivA 2021"]
[Site "chess.com INT"]
[Date "2021.09.10"]
[Round "7.4"]
[Board "2"]
[White "Petriashvili, Nikoloz"]
[Black "Yu, Yangyi"]
[Result "1/2-1/2"]
[WhiteTitle "IM"]
[BlackTitle "GM"]
[WhiteElo "2432"]
[BlackElo "2704"]
[WhiteTeam "Georgia"]
[BlackTeam "China"]
[WhiteFideId "13611216"]
[BlackFideId "8603820"]
[EventDate "2021.09.08"]
[EventType "team"]

1. d4 Nf6 2. c4 e6 3. Nf3 d5 4. Nc3 Bb4 5. Bg5 Nbd7 6. e3 c5 7. cxd5 exd5 8. Be2
Qa5 9. O-O c4 10. Qc2 Bxc3 11. bxc3 Ne4 12. Rac1 Nb6 13. Bf4 O-O 14. Ne5 Bf5 15.
g4 Be6 16. f3 Nd6 17. Ng6 hxg6 18. Bxd6 Rfe8 19. h4 Rad8 20. Bf4 Qa4 21. Qd2 Qd7
22. Kf2 Qe7 23. Rh1 f6 24. Rcg1 Kf7 25. g5 Rh8 26. h5 gxh5 27. gxf6 gxf6 28. Qc2
Ke8 29. a4 Nc8 30. a5 Nd6 31. Qg6+ Qf7 32. Qb1 Qe7 33. Qg6+ Qf7 34. Qb1 Qe7 35.
Qg6+ 1/2-1/2

[Event "Online Olym Top DivA 2021"]
[Site "chess.com INT"]
[Date "2021.09.10"]
[Round "7.4"]
[Board "3"]
[White "Ju, Wenjun"]
[Black "Lomineishvili, Maia"]
[Result "1-0"]
[WhiteTitle "GM"]
[BlackTitle "IM"]
[WhiteElo "2560"]
[BlackElo "2342"]
[WhiteTeam "China"]
[BlackTeam "Georgia"]
[WhiteFideId "8603006"]
[BlackFideId "13600656"]
[EventDate "2021.09.08"]
[EventType "team"]

1. d4 d5 2. c4 e5 3. dxe5 d4 4. Nf3 Nc6 5. g3 Nge7 6. Bg2 Ng6 7. O-O Ngxe5 8.
Nxe5 Nxe5 9. b3 c5 10. e3 dxe3 11. Qxd8+ Kxd8 12. Bxe3 Kc7 13. Nc3 Bg4 14. h3
Be6 15. Rad1 Re8 16. f4 Nc6 17. f5 Bd7 18. Nb5+ Kc8 19. Bxc6 Bxc6 20. Nxa7+ Kc7
21. Bf4+ Kb6 22. Nxc6 Kxc6 23. Rf2 Be7 24. Re2 Rd8 25. Rxd8 Bxd8 26. Kf2 Bf6 27.
Kf3 Rd8 28. Rd2 Rxd2 29. Bxd2 Bd4 30. Ke4 f6 31. b4 b5 32. bxc5 Bxc5 33. cxb5+
Kxb5 34. Kd5 Bf2 35. g4 g6 36. Bc3 gxf5 37. gxf5 Bh4 38. Ke6 Kc4 39. Bxf6 Bf2
40. Be5 1-0

[Event "Online Olym Top DivA 2021"]
[Site "chess.com INT"]
[Date "2021.09.10"]
[Round "7.4"]
[Board "4"]
[White "Purtseladze, Maka"]
[Black "Huang, Qian"]
[Result "1/2-1/2"]
[WhiteTitle "IM"]
[BlackTitle "WGM"]
[WhiteElo "2274"]
[BlackElo "2433"]
[WhiteTeam "Georgia"]
[BlackTeam "China"]
[WhiteFideId "13602659"]
[BlackFideId "8602689"]
[EventDate "2021.09.08"]
[EventType "team"]

1. d4 d5 2. c4 c6 3. Nf3 Nf6 4. e3 e6 5. Bd3 a6 6. b3 Bb4+ 7. Bd2 Bd6 8. Nc3
Nbd7 9. O-O O-O 10. a4 e5 11. cxd5 cxd5 12. dxe5 Nxe5 13. Be2 Be6 14. a5 Rc8 15.
Na4 Ned7 16. Nd4 Ne4 17. f4 Nxd2 18. Qxd2 Nf6 19. Bf3 Qe7 20. Nb6 Rcd8 21. Qd3
Bc5 22. Rfc1 Bxb6 23. axb6 Qd6 24. Nxe6 fxe6 25. Qd4 Rc8 26. b4 Nd7 27. f5 Ne5
28. Rxc8 Rxc8 29. fxe6 Nxf3+ 30. gxf3 Qxe6 31. Rd1 Kh8 32. Qxd5 Qxe3+ 33. Kh1
Qxb6 34. Qd4 Qxd4 35. Rxd4 h6 36. Kg2 Rc7 37. Rd6 Kg8 38. Kg3 Rc6 39. Rd7 Rb6
40. Rd4 Kf7 41. Re4 Rb5 42. h4 Kf6 43. Kg4 a5 44. bxa5 Rxa5 45. Rb4 b5 46. f4
Ke6 47. h5 Kd5 48. Kf5 Kc5 49. Rb1 b4 50. Kg6 Ra7 51. f5 Kc4 52. f6 gxf6 53.
Kxh6 Ra5 54. Rf1 f5 55. Rf4+ Kc3 56. Rf3+ Kb2 57. Kg6 b3 58. h6 Ra6+ 59. Kg5 Ka2
60. Rxf5 b2 61. Rf2 Ka1 62. Rxb2 Kxb2 63. h7 Ra8 64. Kg6 Rh8 65. Kg7 Rxh7+ 66.
Kxh7 1/2-1/2

[Event "Online Olym Top DivA 2021"]
[Site "chess.com INT"]
[Date "2021.09.10"]
[Round "7.4"]
[Board "5"]
[White "Xu, Zhihang"]
[Black "Kacharava, Nikolozi"]
[Result "1/2-1/2"]
[WhiteTitle "IM"]
[BlackTitle "IM"]
[WhiteElo "2515"]
[BlackElo "2453"]
[WhiteTeam "China"]
[BlackTeam "Georgia"]
[WhiteFideId "8611572"]
[BlackFideId "13611860"]
[EventDate "2021.09.08"]
[EventType "team"]

1. c4 c6 2. d4 d5 3. Nf3 Nf6 4. Qb3 dxc4 5. Qxc4 Bf5 6. g3 e6 7. Bg2 Nbd7 8. O-O
Be7 9. e3 O-O 10. Qe2 Bg6 11. Rd1 Rc8 12. Nc3 b5 13. b3 b4 14. Na4 Ne4 15. Bb2
Qa5 16. Rac1 c5 17. Ne5 Nxe5 18. dxe5 Rfd8 19. Qc4 Nd2 20. Qe2 Ne4 21. Qc4 Nd2
22. Qe2 Ne4 1/2-1/2

[Event "Online Olym Top DivA 2021"]
[Site "chess.com INT"]
[Date "2021.09.10"]
[Round "7.4"]
[Board "6"]
[White "Koridze, Lile"]
[Black "Ning, Kaiyu"]
[Result "0-1"]
[WhiteTitle "WFM"]
[BlackTitle "WIM"]
[WhiteElo "2016"]
[BlackElo "2372"]
[WhiteTeam "Georgia"]
[BlackTeam "China"]
[WhiteFideId "13612514"]
[BlackFideId "8614750"]
[EventDate "2021.09.08"]
[EventType "team"]

1. d4 Nf6 2. c4 e6 3. Nf3 d5 4. g3 Be7 5. Bg2 O-O 6. O-O dxc4 7. Ne5 Nc6 8. Nxc6
bxc6 9. Na3 Bxa3 10. bxa3 Ba6 11. Qd2 Rb8 12. Qa5 Rb6 13. Rd1 Bb5 14. e4 Ra6 15.
Qc3 Ra4 16. Bb2 Re8 17. Rd2 h6 18. Rad1 Ra6 19. d5 cxd5 20. exd5 e5 21. Re1 Qd6
22. h3 Nd7 23. Rde2 Qc5 24. Kh2 c6 25. Rd2 f6 26. Red1 Nb6 27. dxc6 Bxc6 28. Bf1
Bb7 29. Rd8 Qxf2+ 0-1

[Event "Online Olym Top DivA 2021"]
[Site "chess.com INT"]
[Date "2021.09.10"]
[Round "7.5"]
[Board "1"]
[White "Mastrovasilis, Dimitrios"]
[Black "Maghsoodloo, Parham"]
[Result "1-0"]
[WhiteTitle "GM"]
[BlackTitle "GM"]
[WhiteElo "2615"]
[BlackElo "2695"]
[WhiteTeam "Greece"]
[BlackTeam "Iran"]
[WhiteFideId "4202694"]
[BlackFideId "12539929"]
[EventDate "2021.09.08"]
[EventType "team"]

1. e4 c5 2. Nf3 Nc6 3. d4 cxd4 4. Nxd4 e5 5. Nb5 d6 6. c4 Nf6 7. N1c3 a6 8. Na3
g6 9. Be2 Bg7 10. O-O O-O 11. Bg5 h6 12. Be3 Be6 13. Qd2 Nd4 14. f3 Rc8 15. Rf2
Kh7 16. Bf1 Nd7 17. Rd1 Nb8 18. Nc2 Nbc6 19. Nd5 Nxc2 20. Qxc2 Nd4 21. Bxd4 exd4
22. Bd3 b5 23. Qe2 Re8 24. Qf1 Qa5 25. b3 Kg8 26. f4 Bg4 27. Rc1 bxc4 28. bxc4
Be6 29. f5 Bxd5 30. exd5 g5 31. f6 Bh8 32. h4 Re5 33. hxg5 Rce8 34. Re2 Rxe2 35.
Qf5 Re1+ 36. Kh2 R8e4 37. Bxe4 Bxf6 38. Rxe1 Be5+ 39. Kh3 Qc3+ 40. Kg4 Qg3+ 41.
Kh5 Qh2+ 42. Qh3 Qf4 43. Qg4 Qh2+ 44. Qh3 Qf4 45. Qh4 Qd2 46. gxh6 1-0

[Event "Online Olym Top DivA 2021"]
[Site "chess.com INT"]
[Date "2021.09.10"]
[Round "7.5"]
[Board "2"]
[White "Idani, Pouya"]
[Black "Pavlidis, Antonios"]
[Result "1/2-1/2"]
[WhiteTitle "GM"]
[BlackTitle "GM"]
[WhiteElo "2627"]
[BlackElo "2536"]
[WhiteTeam "Iran"]
[BlackTeam "Greece"]
[WhiteFideId "12510130"]
[BlackFideId "4212312"]
[EventDate "2021.09.08"]
[EventType "team"]

1. d4 Nf6 2. Nf3 g6 3. g3 Bg7 4. Bg2 O-O 5. c4 d6 6. O-O c6 7. Nc3 Bf5 8. Nh4
Be6 9. b3 d5 10. Qd3 Ne4 11. Bb2 Nxc3 12. Bxc3 Nd7 13. cxd5 cxd5 14. Rac1 Qb6
15. Nf3 Rac8 16. Qd2 Nf6 17. Ne5 Ne4 18. Bxe4 dxe4 19. d5 e3 20. fxe3 Rxc3 21.
Qxc3 Bh3 22. Nc4 Bxc3 23. Nxb6 Bd2 24. Nc4 Bxc1 25. Rxc1 Rc8 26. Rc2 Bf5 27. Rd2
b5 28. Ne5 Rc1+ 29. Kf2 a6 30. Rd4 Bb1 31. a4 f5 32. axb5 axb5 33. Rb4 Rc5 34.
Nc6 Kf7 35. Nd4 Rxd5 36. Rxb5 Rd6 37. b4 Kf6 38. Rc5 Be4 39. b5 Rb6 40. Ke1 e6
41. Kd2 Ke7 42. Kc3 Kd6 43. Kb4 Rb8 44. Nc6 Rc8 45. Kc4 Bxc6 46. bxc6 Rxc6 47.
Rxc6+ Kxc6 48. Kd4 Kd6 49. e4 e5+ 50. Kd3 Kc5 51. h4 f4 52. gxf4 exf4 53. e5 Kd5
54. e6 Kxe6 55. Ke4 h6 56. Kxf4 Kf6 57. e3 g5+ 58. hxg5+ hxg5+ 59. Kg4 Ke5 60.
Kxg5 Ke4 61. Kg6 Kxe3 1/2-1/2

[Event "Online Olym Top DivA 2021"]
[Site "chess.com INT"]
[Date "2021.09.10"]
[Round "7.5"]
[Board "3"]
[White "Tsolakidou, Stavroula"]
[Black "Khademalsharieh, Sarasadat"]
[Result "1-0"]
[WhiteTitle "IM"]
[BlackTitle "IM"]
[WhiteElo "2377"]
[BlackElo "2490"]
[WhiteTeam "Greece"]
[BlackTeam "Iran"]
[WhiteFideId "4264312"]
[BlackFideId "12512214"]
[EventDate "2021.09.08"]
[EventType "team"]

1. d4 d5 2. c4 e6 3. Nf3 a6 4. Nbd2 Nf6 5. g3 c5 6. Bg2 Nc6 7. O-O cxd4 8. cxd5
Nxd5 9. Nb3 e5 10. Nxe5 Nxe5 11. Qxd4 Nc6 12. Qxd5 Qxd5 13. Bxd5 Bh3 14. Rd1 Be7
15. Be3 O-O 16. Nc5 Bxc5 17. Bxc5 Rfe8 18. Rd2 Rac8 19. Bd6 Red8 20. Bf4 Rd7 21.
Rad1 h5 22. f3 Na5 23. b3 Nc6 24. Kf2 Bf5 25. a3 Na5 26. e4 Be6 27. Bxe6 Rxd2+
28. Bxd2 1-0

[Event "Online Olym Top DivA 2021"]
[Site "chess.com INT"]
[Date "2021.09.10"]
[Round "7.5"]
[Board "4"]
[White "Alinasab, Mobina"]
[Black "Pavlidou, Ekaterini"]
[Result "1-0"]
[WhiteTitle "WIM"]
[BlackTitle "WIM"]
[WhiteElo "2309"]
[BlackElo "2169"]
[WhiteTeam "Iran"]
[BlackTeam "Greece"]
[WhiteFideId "12528897"]
[BlackFideId "4213262"]
[EventDate "2021.09.08"]
[EventType "team"]

1. e4 c5 2. Nf3 Nc6 3. d4 cxd4 4. Nxd4 e5 5. Nb5 d6 6. c4 Be6 7. N1c3 a6 8. Na3
g6 9. g3 Bg7 10. Bg2 Nge7 11. O-O O-O 12. Be3 Rc8 13. Qd2 Nd4 14. Nd5 Bxd5 15.
cxd5 b5 16. Rac1 Qd7 17. Nc2 Nxc2 18. Rxc2 Rxc2 19. Qxc2 Rc8 20. Qd2 Rc4 21. b3
Rc7 22. Bb6 Rc8 23. Rc1 Rxc1+ 24. Qxc1 Nc8 25. Ba5 Kf8 26. Bf1 f5 27. exf5 gxf5
28. a4 bxa4 29. bxa4 Ne7 30. Qc4 Qb7 31. Qxa6 Qxd5 32. Bb4 Nc6 33. Qc8+ Ke7 34.
Qc7+ Ke6 35. Qxg7 Nxb4 36. Bc4 Qxc4 37. Qg8+ 1-0

[Event "Online Olym Top DivA 2021"]
[Site "chess.com INT"]
[Date "2021.09.10"]
[Round "7.5"]
[Board "5"]
[White "Ioannidis, Evgenios"]
[Black "Tabatabaei, M. Amin"]
[Result "1/2-1/2"]
[WhiteTitle "IM"]
[BlackTitle "GM"]
[WhiteElo "2445"]
[BlackElo "2624"]
[WhiteTeam "Greece"]
[BlackTeam "Iran"]
[WhiteFideId "4229274"]
[BlackFideId "12521213"]
[EventDate "2021.09.08"]
[EventType "team"]

1. d4 Nf6 2. c4 e6 3. Nc3 Bb4 4. e3 O-O 5. Bd3 c5 6. a3 Bxc3+ 7. bxc3 Nc6 8. Ne2
b6 9. e4 Ne8 10. e5 Ba6 11. Be3 Rc8 12. O-O Na5 13. dxc5 Bxc4 14. cxb6 axb6 15.
Rb1 b5 16. a4 Bxd3 17. Qxd3 Nc4 18. Rxb5 d6 19. Rd1 Qc7 20. f4 Qc6 21. Nd4 Qa6
22. Rb4 d5 23. Bf2 Nc7 24. Rdb1 Qa8 25. Nf3 Na6 26. Ng5 g6 27. Qh3 h5 28. Rb7
Rb8 29. Rxb8 Rxb8 30. Rxb8+ Qxb8 31. g4 Qb1+ 32. Kg2 Nd2 33. gxh5 Qf1+ 34. Kg3
Qd3+ 35. Kg2 Qf1+ 36. Kg3 Qd3+ 37. Kg2 Qf1+ 1/2-1/2